1967, 1968, or 1969? - Statistics

General Stats
  • This quiz has been taken 72 times
    59 since last reset
  • The average score is 11 of 19
Answer Stats
Hint Answer % Correct
The Beatles' final performance on the rooftop of Apple Records 1969
80%
Woodstock music festival held in upstate New York 1969
78%
Apollo 11 moon landing 1969
78%
Martin Luther King Jr. assassinated in Memphis 1968
76%
Six-Day War between Israel and neighboring Arab states 1967
73%
Apollo 1 astronauts die in launch pad fire 1967
65%
Prague Spring reforms crushed by Soviet invasion 1968
60%
Robert F. Kennedy assassinated in Los Angeles 1968
58%
Chicago Democratic National Convention protests turn violent 1968
55%
First Super Bowl: Green Bay Packers vs Kansas City Chiefs 1967
53%
Stonewall riots begin in New York 1969
51%
The Beatles release Sgt. Pepper’s Lonely Hearts Club Band 1967
49%
Stanley Kubrick's 2001: A Space Odyssey is released 1968
49%
Tet Offensive in Vietnam 1968
44%
Dustin Hoffman stars in The Graduate 1967
40%
Led Zeppelin's self-titled debut album is released 1969
40%
The Monterey Pop Festival and the Summer of Love 1967
36%
Thurgood Marshall becomes first Black U.S. Supreme Court justice 1967
36%
Concorde makes first flight 1969
33%
No matching quizzes found
Score Distribution
Percent of People with Each Score
Percentile by Number Answered
Your Score History
You have not taken this quiz since the last reset